000 00714nam a2200265Ia 4500
005 20260121165929.0
008 008 260114s9999 xx 000 0 eng d
020 _a9783319283357
037 _aEBOOK
040 _aCRL
040 _beng
040 _cCRL
041 _2eng
041 _aeng
084 _qCRL
100 _aRossella Bottoni, Rinaldo Cristofori, Silvio Ferrari
_91057747
245 0 _aReligious Rules, State Law, and Normative Pluralism - A Comparative Overview
260 _bSpringer
260 _bSpringer
260 _c2016
856 _uhttps://link.springer.com/openurl?genre=book&isbn=978-3-319-28335-7
942 _cEBOOK
999 _c1623476
_d1623476